| 000 | 01280cam a2200349 a 4500 | ||
|---|---|---|---|
| 001 | 15500129 | ||
| 003 | OSt | ||
| 005 | 20180116192414.0 | ||
| 008 | 081027s2010 njua 001 0 eng | ||
| 010 | _a 2008047057 | ||
| 015 |
_aGBA939127 _2bnb |
||
| 016 | 7 |
_a015116630 _2Uk |
|
| 020 | _a9780470228470 (cloth) | ||
| 020 | _a0470228474 | ||
| 035 | _a(OCoLC)ocn265094223 | ||
| 040 |
_aDLC _cDLC _dYDX _dYDXCP _dCDX _dBWX _dUKM _dIAD _dHEBIS _dBTCTA _dDLC |
||
| 050 | 0 | 0 |
_aTH6014 _b.B56 2010 |
| 082 | 0 | 0 |
_a696 _222 |
| 100 | 1 |
_aBinggeli, Corky. _96308 |
|
| 245 | 1 | 0 |
_aBuilding systems for interior designers / _cCorky Binggeli. |
| 250 | _a2nd ed. | ||
| 260 |
_aHoboken, N.J. : _bJohn Wiley & Sons, _cc2010. |
||
| 300 |
_axii, 452 p. : _bill. ; _c29 cm. |
||
| 500 | _aIncludes index. | ||
| 650 | 0 |
_aBuildings _xEnvironmental engineering. _96309 |
|
| 650 | 0 |
_aBuildings _xMechanical equipment _xDesign and construction. _96310 |
|
| 650 | 0 |
_aBuildings _xElectric equipment _xDesign and construction. _96311 |
|
| 906 |
_a7 _bcbc _corignew _d1 _eecip _f20 _gy-gencatlg |
||
| 942 |
_2ddc _cBK |
||
| 999 |
_c353641 _d353641 |
||